000 01156cam a2200241 4500
001 WB3820-04
008 020528n2002 000 0 eng u
035 _a(Sirsi) u118197
245 _aFrom 3D to nD modelling
260 _c2002
490 _aRICS Geomatics Faculty News
_v 23 May 2002 (1)
520 _aUnder a four year Platform Grant, Salford University will explore the concept of 3D computer modelling of the built environment, to cope with whole-life construction issues in the design of model buildings. The project will combine computer modelling, visualisation and simulation techniques with virtual reality, enabling the results of design ideas to be 'visualised' in advance so that true 'what-if' analysis can be performed. For more information vist http://ndmodelling.scpm.salford.ac.uk/(nDmodelling site)
590 _aWB
650 _a3D MODELLING
650 _aSALFORD UNIVERSITY
650 _aBUILT ENVIRONMENT-CONSTRUCTION DESIGN
650 _aCOMPUTER MODELLING
650 _aVISUALISATION
650 _aBUILT ENVIRONMENT
650 _aVIRTUAL REALITY
690 _aBUILT ENVIRONMENT-CONSTRUCTION DESIGN
942 _n0
999 _c70385
_d70385